Rappeur ou dictateur ? - Statistiques

Statistiques générales
  • Ce quiz a été pris 399 fois
  • Le résultat moyen est 7 sur 12
Statistiques - réponses
Question Réponse % Correct
Qui a dit : "Ramasse ton string et va te laver, et j’te le répèterai pas" (Pinochet fut dictateur du Chili) Kaaris
73%
Qui a dit : "Chez nous y a pas l’OTAN, alors si y a la guerre ça va durer longtemps" Booba
71%
Qui a dit : "La mort d'un homme c'est une tragédie, la mort d'un million d'hommes c'est une statistique" Staline
71%
Qui a dit : "Les droits de l’homme sont des privilèges de riches." Alpha Wann
70%
Qui a dit ça : "Le passé fut turbulent et nous réserve un futur brûlant." Nekfeu
66%
Qui a dit : "La liberté d’expression existe ici, mais je ne peux pas garantir la liberté après l’expression" Idi Amin Dada
64%
Qui a dit : "Comment savoir sur qui tirer quand c’est tous des fils de putes ?" (Idi Amin Dada fut dictateur de l'Ouganda) Lacrim
63%
Qui a dit : "L’Histoire est changée selon qui te l’apprend" Alpha Wann
59%
Qui a dit : "De quoi vivrait l'Eglise, si ce n'est du péché de ses fidèles ?" Adolf Hitler
54%
Qui a dit : "Le bonheur ne tombe pas à l'improviste et les rêves ne se réaliseront pas d'eux-mêmes." Xi Jimping
45%
Qui a dit : "je fais des discours sans discontinuer" Adolf Hitler
32%
Qui a dit : "C'est quand la merde et le pet sont sortis que le ventre est soulagé" Mao Zedong
31%
Aucun quiz correspondant
Distribution des résultats
% des personnes avec chaque résultat
Percentile par nombre de réponses
Votre historique - résultats
Vous n’avez pas pris ce quiz